Normal view MARC view
  • 铡hovi⣬ Milan

Entry Personal Name

Number of records used in: 1

001 - CONTROL NUMBER

  • control field: 105842

003 - CONTROL NUMBER IDENTIFIER

  • control field: NUST

005 - DATE AND TIME OF LATEST TRANSACTION

  • control field: 20221226090942.0

008 - FIXED-LENGTH DATA ELEMENTS

  • fixed length control field: 221226|| aca||aabn | a|a d

040 ## - CATALOGING SOURCE

  • Original cataloging agency: NUST
  • Transcribing agency: NUST

100 ## - HEADING--PERSONAL NAME

  • Personal name: 铡hovi⣬ Milan

670 ## - SOURCE DATA FOUND

  • Source citation: Work cat.: (NUST)184597: Principles of international law concerning friendly relations and cooperation / , 1972.
© 2023 Central Library, National University of Sciences and Technology. All Rights Reserved.